000 00365nam a2200145Ia 4500
008 230917s9999||||xx |||||||||||||| ||und||
040 _e203769
_aMAIN
041 _aEnglish
082 _a869.3 C65B
100 _aCoelho, Paulo
245 0 _aBy the river Piedra I sat down and wept
260 _aNoida
_bHarper Collins
_c1996
300 _ax, 210 p.
942 _cBK
999 _c174063
_d174063